El diablo de los números : (Registro nro. 3485)

Detalles MARC
000 -LEADER
fixed length control field 01217nam a2200253Ia 4500
003 - CONTROL NUMBER IDENTIFIER
control field OSt
005 - DATE AND TIME OF LATEST TRANSACTION
control field 20200415125554.0
008 - FIXED-LENGTH DATA ELEMENTS--GENERAL INFORMATION
fixed length control field 191128t2017 ck a dr 000 j spa d
020 ## - INTERNATIONAL STANDARD BOOK NUMBER
International Standard Book Number 9789585944572
040 ## - CATALOGING SOURCE
Original cataloging agency CO-JMCR
Transcribing agency CO-JMCR
041 0# - LANGUAGE CODE
Language code of text/sound track or separate title spa
082 04 - DEWEY DECIMAL CLASSIFICATION NUMBER
Classification number C /
Item number ENZd
100 1# - MAIN ENTRY--PERSONAL NAME
Personal name Enzensberger, Hans Magnus,
Dates associated with a name 1929
Relator term autor
9 (RLIN) 3047
245 13 - TITLE STATEMENT
Title El diablo de los números :
Remainder of title un libro para todos aquellos que temen a las matemáticas /
Statement of responsibility, etc. Hans Magnus Enzensberger; diseñado e ilustrado Rotraut Susanne Berner; traducción Carlos Fortea
250 ## - EDITION STATEMENT
Edition statement Primera edición
260 ## - PUBLICATION, DISTRIBUTION, ETC.
Place of publication, distribution, etc. Bogotá :
Name of publisher, distributor, etc. Siruela,
Date of publication, distribution, etc. ©2017
300 ## - PHYSICAL DESCRIPTION
Extent 258 páginas :
Other physical details ilustraciones a color ;
Dimensions 19 cm.
500 ## - GENERAL NOTE
General note Incluye datos biográficos del autor e ilustradora.
520 ## - SUMMARY, ETC.
Summary, etc. A Robert no le gustan las Matemáticas porque no las acaba de entender. Pero una noche, sueña con un diablillo que pretende iniciarle en la ciencia de los números. Será el comienxo de un novedozo y apasionante recorrido a través del mundo de las Matemática
650 ## - SUBJECT ADDED ENTRY--TOPICAL TERM
Topical term or geographic name entry element Números en la literatura
General subdivision cuentos
9 (RLIN) 3048
700 ## - ADDED ENTRY--PERSONAL NAME
Personal name Susanne Berner, Rotraut,
Relator term ilustradora
9 (RLIN) 3049
700 ## - ADDED ENTRY--PERSONAL NAME
Personal name Fortea, Carlos,
Relator term traducción
9 (RLIN) 3050
942 ## - ADDED ENTRY ELEMENTS (KOHA)
Source of classification or shelving scheme Dewey Decimal Classification
Koha item type Books
Existencias
Withdrawn status Lost status Source of classification or shelving scheme Damaged status Not for loan Collection code Home library Current library Date acquired Source of acquisition Cost, normal purchase price Total Checkouts Total Renewals Full call number Barcode Date last seen Date last checked out Copy number Koha item type
    Dewey Decimal Classification     Fiction Biblioteca Pública José María del Castillo y Rada Biblioteca Pública José María del Castillo y Rada 11/28/2019 Donación 0.00 5 2 C / ENZd 201807337 11/19/2024 11/18/2024 Ej.1 Books